Viejas escudos de fútbol #1 - Estadísticas

Estadísticas generales
  • Esta prueba ha sido intentada 170 veces
  • La puntuación promedio es 14 de 16
Estadísticas de respuestas
Imagen Respuesta % Correcto
Athletic Bilbao
97%
Benfica
97%
Chelsea
97%
Inter Milan
97%
Juventus
96%
Borussia Dortmund
95%
Liverpool
94%
Arsenal
92%
Manchester City
92%
Real Madrid
92%
Ajax Amsterdam
90%
Bayern Munich
88%
AS Roma
83%
Tottenham Hotspur
81%
Paris Saint-Germain
67%
Olympique Marseille
36%
No se encontraron pruebas coincidentes
Distribución de puntuación
Porcentaje de gente con cada puntuación
Porcentaje por número respondido
Historial de tus puntuaciones
No has intentado esta prueba.